| 000 | 02279aam a2200577 i 4500 | ||
|---|---|---|---|
| 001 | 768714001 | ||
| 003 | CO-MdFUSB | ||
| 005 | 20231027062541.0 | ||
| 007 | ta | ||
| 008 | 231018t20032003mx a||ag |||| 00| 0 spa d | ||
| 020 | _a9685484023 | ||
| 040 |
_aCO-MdFUSB _bspa _cCO-MdFUSB _dCO-MdFUSBC _erda |
||
| 041 | _aspa | ||
| 082 |
_223 _a248.843 _bP961 |
||
| 245 | 3 |
_aEl privilegio de ser mujer _c/ editado por Elisabeth F. de Isáis |
|
| 264 | 1 |
_aCoyoacán, México : _bMilamex, _c[2003] |
|
| 264 | 4 | _c©2003 | |
| 300 |
_a98 páginas _c; 21 cm |
||
| 336 |
_2rdacontent _atexto _btxt |
||
| 337 |
_2rdamedia _asin mediación _bn |
||
| 338 |
_2rdacarrier _avolumen _bnc |
||
| 505 |
_tLa influencia de la mujer _r/ Raquel de Miranda |
||
| 505 |
_tMujeres bajo tensión _r/ Daniel Gonzales Nájar |
||
| 505 |
_tSanando las heridas del alma _r/ Olivia Corral García |
||
| 505 |
_tRelaciones destructivas _r/ Olivia Corral García |
||
| 505 |
_tSoltera y feliz _r/ Concepción Hernández Ruiz |
||
| 505 |
_tComo saber si el amor es verdadero _r/ Ruth Montes |
||
| 505 |
_tEl arte de un hogar exitoso _r/ Gabriela Mendicuti de Tun |
||
| 505 |
_tComo mantener feliz a tu pareja _r/ Leticia Martínez de Ochoa |
||
| 505 |
_tSolo para esposas _r/ Sally Isáis |
||
| 505 |
_tBelleza interna y externa _r/ Verónica Macias Lavín |
||
| 505 |
_tSecretos vitales de la nutricion _r/ Raquel de Miranda |
||
| 505 |
_tComo aprovechar al máximo tu belleza natural _r/ Lydia de Alba |
||
| 505 |
_tLa mujer y su dinero _r/ Cristina Hernández |
||
| 563 | _aRústico | ||
| 650 | 0 |
_9326 _aMujeres _xAspectos religiosos _xCristianismo |
|
| 700 |
_98731 _aDe Miranda, Raquel, _eautor |
||
| 700 |
_97897 _aGonzález, Daniel, _eautor |
||
| 700 |
_98732 _a Corral García, Olivia, _eautor |
||
| 700 |
_98733 _a Hernández Ruiz, Concepción, _eautor |
||
| 700 |
_98734 _aMontes, Ruth, _eautor |
||
| 700 |
_98735 _aMendicuti de Tun, Gabriela, _eautor |
||
| 700 |
_98736 _aMartínez de Ochoa, Leticia, _eautor |
||
| 700 |
_98737 _aIsáis, Sally, _eautor |
||
| 700 |
_98738 _aMacias Lavín, Verónica, _eautor |
||
| 700 |
_98739 _ade Alba, Lydia, _eautor |
||
| 700 |
_98740 _aHernández, Cristina, _eautor |
||
| 700 |
_aIsáis, Elisabeth F. de, _eeditor _97413 |
||
| 942 | _cBK | ||
| 945 | _asor1564 | ||
| 999 |
_c69182 _d69182 |
||